[Event "CB-Emu swiss"]
[Site "?"]
[Date "2017.05.03"]
[Round "3"]
[White "Milano, Mephisto"]
[Black "Excellence, Fidelity"]
[Result "1-0"]
[WhiteElo "2060"]
[BlackElo "1880"]
[Annotator "Komodo 10.3 32-bit (60s)"]
[PlyCount "63"]
[EventDate "2017.??.??"]
[EventType "swiss"]

{B36: Sizilianisch (Maroczy-Aufbau)} 1. e4 c5 2. Nf3 Nc6 3. d4 cxd4 4. Nxd4 g6
5. c4 Nf6 6. Nxc6 {erster berechneter Zug Weiss} (6. f3 Qb6 7. Nb3 Bg7 8. c5
Qd8 9. Nc3 O-O 10. Be3 b6 11. cxb6 axb6 12. Bc4 d6 13. O-O Ne5 14. Be2 Be6 15.
Nd2 d5 16. exd5 Nxd5 17. Nxd5 Bxd5 18. Qc2 Rc8 19. Qa4 Qd7 20. Qh4 Rc2 {
Gudelajtis,A (1507)-Kasperek,K (1559) Szczyrk 2014 1/2-1/2 (52)}) 6... bxc6 {
erster berechneter Zug Schwarz} 7. Nc3 e5 $146 {Nicht gerade systemgerecht.
Warum nicht Lg7?} (7... d6 8. Be2 Bg7 9. O-O O-O 10. Be3 Bb7 (10... Qa5 11. Rc1
Rb8 12. b3 Bb7 13. Qd2 c5 14. f3 Rfe8 15. Rfd1 Bc6 16. Rc2 Rb7 17. Bf1 Nd7 18.
Kh1 Nf8 19. Bh6 Bh8 20. Ne2 Qxd2 21. Bxd2 Ne6 22. Ba5 Be5 23. Rcd2 Kg7 24. Nc1
Reb8 25. Ne2 {Bobis,L (2200)-Soos,B (2420) Netanya 1973 0-1 (48)}) 11. Qd2 Re8
12. f4 Qa5 13. a3 a6 14. b4 Qc7 15. c5 Rad8 16. Qc2 Nd7 17. cxd6 exd6 18. Bd3
c5 19. Bd2 Nf6 20. Rae1 c4 21. Be2 Nxe4 22. Nxe4 {Vitorino,L-Durao,P (2005)
Lisbon 2002 0-1 (31)}) (7... Bg7 8. e5 Ng8 9. Bf4 f6 10. e6 dxe6 11. Qf3 Bd7
12. Be2 e5 13. Be3 f5 14. Rd1 Nf6 15. O-O O-O 16. c5 e6 17. Bc4 e4 18. Qg3 Qe8
19. Bd4 Nd5 20. Bxg7 Kxg7 21. Qe5+ Kg8 22. Ne2 {Wiese,W-Rij,G CC EU/M/GT/053
1-0 (43)}) (7... Qa5 8. Bd3 Bg7 9. O-O d6 10. Rb1 O-O 11. Qa4 Qe5 12. Qxc6 Ng4
13. g3 Qh5 14. h4 Ne5 15. Qd5 Bg4 16. Bc2 e6 17. Qxd6 Rad8 18. Qe7 Rd7 19. Qxd7
Nxd7 20. Be3 Ne5 21. f4 Nxc4 22. Bc1 {Milev,A-Dimitrov,I Sofia 1961 0-1}) (7...
Bg7 8. e5 Ng8 9. Bf4 $11) 8. Bg5 {Schwarz hat Entwicklungsrückstand} (8. Be2
Bc5 $11) 8... Rb8 9. b3 (9. Rb1 h6 10. Be3 Bb4 $11) 9... Bb4 {OK, das ist
schräg. Wir spielen also ein beschleunigtes Fiancetto ohne Fiancetto... Das
kann nicht gut gehen....} 10. Qf3 O-O 11. Rc1 (11. Bxf6 Bxc3+ 12. Qxc3 Qxf6 $11
) 11... Be7 12. c5 {Besser wäre die Entwicklung zu vollenden, z.B. Le2.} Kg7 {
Die schwarze Königssicherheit hat sich verschlechtert} (12... Nh5 13. Bxe7 Qxe7
14. Nd1 $11) 13. Na4 {Ich weiss nicht was soll es bedeuten...} (13. Qg3 Qc7 14.
Qh4 Qa5 $11) 13... Bb7 {Den muss man nicht verstehen. Der Bauer bedarf keiner
Deckung, der Läufer hat keine Diagonale. Kurz gesagt, der Zug ist absolut
sinnfrei...} (13... h6 14. Bxf6+ Bxf6 15. Bc4 $11) 14. Rd1 $14 Nh5 15. Bxe7
Qxe7 16. Rd6 {sieht gut aus. Trotzdem gefällt mir Lc4 hier besser.} (16. Bc4
Nf6 $16) 16... Nf4 (16... Nf6 17. Qe3 $14) 17. Qc3 (17. Bc4 Rbe8 $16) 17... f6
(17... Kh8 18. f3 $16) 18. Qa5 Ra8 19. f3 Rfd8 {Die Stellung ist schwierig für
Schwarz. Besser sieht für mich der Versuch aus mit f5 am Königsflüge aktiv zu
werden.} (19... f5 20. Qd2 Rad8 21. exf5 gxf5 22. Bc4 $16) 20. Qd2 (20. g3 Ne6
$16) 20... Ne6 21. Bc4 (21. h4 $16) 21... Nd4 {Von d4 entfaltet der Springer
einige Wirkung} (21... Nc7 $5 $14 {ist vielleicht stärker}) 22. Nc3 a6 (22...
a5 23. Ne2 Nb5 24. Bxb5 cxb5 25. h4 $16) 23. Na4 Rh8 $2 {Man kann dem Feind
die Tür natürlich auch aufmachen... besser war Sb5} (23... Rab8 24. O-O g5 25.
h4 $18) 24. Nb6 (24. f4 $5 {wäre im Gewinnsinne präziser} Rhf8 25. Nb6 Rad8 $18
) 24... Rad8 25. b4 (25. O-O g5 $18) 25... f5 {Der Versuch kommt viel zu spät}
26. O-O fxe4 $4 {das nächste Einfalltor wird aufgemacht. Besser ist die
Abriegelung mit f4. Schwarz verkürzt seine Leiden} (26... f4 $142 $18) 27. fxe4
Rhf8 28. Rxf8 Kxf8 $4 {Der letzte Fehler. Dxf8 war erforderlich. Nun ist die
Partie zu Ende...} (28... Qxf8 {verlängert das Leiden} 29. Qg5 Qf4 30. Qxf4
exf4 31. Rxd4 Kf6 32. Rd6+ Ke7 $18) 29. Qh6+ Ke8 30. Rxg6 $1 Ne2+ (30... hxg6
31. Qxg6+ {Mattangriff}) (30... -- $140 31. Rg8+ {Mattdrohung}) 31. Kh1 Qf8 32.
Rg8 {und Schwarz kann das Matt in wenigen Zügen nicht verhindern} (32. Rg8 Qxg8
33. Bxg8 Rb8 34. Qf6 Bc8 35. Bf7+ Kf8 36. Bg6+ Kg8 37. Qf7+ Kh8 38. Qxh7#) 1-0

[Event "CB-Emu swiss"]
[Site "?"]
[Date "2017.04.20"]
[Round "3"]
[White "MM V, Mephisto"]
[Black "Designer 2100, Fidelity"]
[Result "1-0"]
[WhiteElo "2200"]
[BlackElo "1900"]
[Annotator "Komodo 10.3 32-bit (60s)"]
[PlyCount "61"]
[EventDate "2017.??.??"]
[EventType "swiss"]

{C78: Spanische Partie (Archangelsk- und Möller-Variante)} 1. e4 e5 2. Nf3 Nc6
3. Bb5 a6 4. Ba4 Nf6 5. O-O b5 6. Bb3 Bb7 7. Nc3 b4 (7... Na5 8. Nxe5 Nxb3 9.
axb3 b4 10. Nd5 Nxe4 11. d3 Bxd5 12. dxe4 Bb7 13. Re1 Be7 14. Bf4 Bd6 15. Qg4
O-O 16. Nc4 Bxf4 17. Qxf4 Rb8 18. Rad1 Re8 19. f3 Re6 20. Ne5 Rf6 21. Qd2 Qe7
22. Ng4 {Matanovic,A (2505)-Planinec,A (2475) Belgrade 1978 1-0 (34)}) (7...
Bc5 8. Nxe5 Nxe5 9. d4 d6 10. Nd5 Ned7 11. dxc5 Nxc5 12. Bg5 Ncd7 13. f3 h6 14.
Bh4 g5 15. Bf2 O-O 16. Ne3 Nc5 17. Nf5 Kh7 18. h4 Ne6 19. hxg5 hxg5 20. Be3 Nh5
21. Kf2 Kg6 22. Rh1 {Van Riemsdijk,H (2435)-Facino,H Mar del Plata 1994 1-0 
(36)}) 8. Ng5 $146 (8. Nd5 Nxe4 9. d4 Na5 10. dxe5 c6 11. Nf4 Be7 12. Re1 Ng5
13. Nxg5 Bxg5 14. Qg4 Qe7 15. e6 Kd8 16. Rd1 d6 17. exf7 Bc8 18. Qg3 Nxb3 19.
Ne6+ Kd7 20. f8=Q Rxf8 21. Nxf8+ Qxf8 22. axb3 Bf6 {Roberts,P-Forster,R (2220)
Duisburg 1992 1-0}) 8... d5 (8... Qe7 9. Nxf7 Nd4 10. Nxh8 Nxb3 11. axb3 bxc3
12. d4 $16) 9. Nxd5 Nxd5 (9... Nd4 $142 10. Ba4+ Nb5 $16) 10. exd5 (10. Nxf7 $5
Kxf7 11. Bxd5+ Ke7 $18) 10... Nd4 (10... Qxg5 $5 11. Ba4 Qf6 $14) 11. Ba4+ $16
Nb5 12. Qg4 (12. c4 Qxg5 13. d4 Qg6 $16) 12... Bxd5 (12... h5 13. Qg3 Be7 14.
Qxe5 Qxd5 15. Qxd5 Bxd5 16. Re1 $16) 13. Re1 (13. c4 bxc3 14. dxc3 h6 $18)
13... Bd6 (13... f6 14. c4 bxc3 15. dxc3 $16) 14. d4 Qe7 $4 {ein Fehler in
schlechter Stellung} (14... Qc8 $142 15. Qe2 e4 $16) 15. dxe5 $18 Bxe5 (15...
c6 {wäre noch eine kleine Chance} 16. Bxb5 axb5 17. Nxf7 Kxf7 $18) 16. Bf4 f6
17. Bxe5 O-O 18. Bg3 (18. Bc3 {ist genauer} Qd8 19. Ne6 Qd7 20. Bxb4 Rfe8 $18)
18... Qc5 19. Ne6 Bxe6 20. Qxe6+ Kh8 21. Rad1 Nd4 22. Qe7 Qxe7 23. Rxe7 c5 24.
Bd7 Nxc2 25. Bd6 c4 (25... b3 {hilft auch nicht mehr} 26. axb3 a5 27. Bxc5 $18)
26. Ba4 Rfd8 (26... c3 {wäre gleichermaßen fruchtlos} 27. Bxc2 cxb2 28. Rb1 $18
) 27. Bxc2 c3 28. bxc3 bxc3 29. Rde1 g6 30. Bb4 Rac8 31. Rb7 (31. Rb7 Rb8 32.
Bxc3 Rxb7 33. Bxf6+ Kg8 34. Bxd8 $18) 1-0

[Event "CB-Emu swiss"]
[Site "?"]
[Date "2017.04.20"]
[Round "3"]
[White "MM IV, Mephisto"]
[Black "Monte Carlo IV LE, Mephisto"]
[Result "1-0"]
[WhiteElo "2150"]
[BlackElo "2060"]
[Annotator "Komodo 10.3 32-bit (60s)"]
[PlyCount "63"]
[EventDate "2017.??.??"]
[EventType "swiss"]

{A65: Benoni} 1. d4 Nf6 2. c4 c5 3. d5 e6 4. Nc3 exd5 5. cxd5 d6 6. e4 g6 7.
Bd3 Bg7 8. Nge2 O-O 9. O-O a6 10. a4 Qc7 11. h3 Nbd7 12. f4 Rb8 13. Be3 Re8 14.
Qd2 $146 (14. Qe1 c4 15. Bc2 Nc5 16. Ng3 b5 17. axb5 axb5 18. e5 dxe5 19. fxe5
Rxe5 20. Bf4 Nfd7 21. Bxe5 Nxe5 22. Nge4 b4 23. d6 Qc6 24. Nf6+ Bxf6 25. Rxf6
Ncd7 26. Ne4 b3 27. Bb1 Bb7 28. Qf2 Nxf6 {Baginskaite,C (2240)-Ilic,Z (2381)
San Francisco 2000 0-1 (36)}) (14. Ng3 Nxe4 15. Bxe4 f5 16. Bxf5 Rxe3 17. Be6+
Kh8 18. Rf3 Rxf3 19. Qxf3 Qb6 (19... Nf6 20. Re1 b5 21. axb5 axb5 22. f5 b4 23.
Nce4 Bxe6 24. dxe6 Nxe4 25. Nxe4 gxf5 26. Ng5 Rf8 27. e7 Bd4+ 28. Kh1 Re8 29.
Qxf5 Kg7 30. Qf7+ Kh6 31. h4 Rxe7 32. Rxe7 Qxe7 33. Qxe7 Kh5 34. g4+ {Dozsa,
P-Szollosi,L Budapest 1962 1-0 (34)}) 20. Qe2 c4+ 21. Kh1 Nc5 22. f5 Nd3 23.
Rf1 Qxb2 24. Qxb2 Nxb2 25. f6 Bf8 26. a5 Nd3 27. Nge4 h6 28. Kh2 g5 {Knaak,R 
(2565)-Rajkovic,D (2460) Novi Sad 1979 1/2-1/2 (57)}) 14... b6 (14... Qb6 15.
Ng3 $14) 15. Rad1 (15. Ng3 c4 16. Bc2 Qd8 $11) 15... Bb7 (15... c4 16. Bc2 b5
17. axb5 axb5 18. Nd4 $11) 16. Bc2 (16. b3 Qd8 $11) 16... Kh8 (16... Ba8 17.
Rb1 $11) 17. f5 {Weiß hat eine sehr aktive Stellung} (17. Ng3 Rbd8 $11) 17...
Rbc8 (17... Ne5 18. Bg5 Nfd7 19. fxg6 hxg6 20. Rf2 $11) 18. Bh6 (18. Bg5 $5 $16
) 18... Bxh6 19. Qxh6 c4 $4 (19... Qd8 $142 $11 {war der einzige Versuch}) 20.
fxg6 $18 fxg6 21. Nf4 Rg8 (21... Ne5 {holt die Kuh nicht vom Eis} 22. Nxg6+ $1
{Abzugsangriff: f4, Tf1xf6} Nxg6 23. Rxf6 $18) 22. Ne6 Qb8 23. Rf2 b5 24. axb5
axb5 25. Qh4 b4 (25... Rcf8 {bietet noch letzte Rettungschancen} 26. Nxf8 Qxf8
27. Nxb5 Ba6 $18) 26. Rxf6 Qa7+ 27. Kh1 g5 28. Qh6 $1 {Mattdrohung} Nf8 (28...
-- $140 29. Rf7 {Mattdrohung}) 29. Rf7 Qf2 30. Rxf2 Nxe6 31. Rf7 Rg7 32. dxe6 (
32. dxe6 Rcg8 33. Rdf1 Bxe4 34. Bxe4 bxc3 35. Qxh7+ Rxh7 36. Rxh7#) 1-0

[Event "CB-Emu swiss"]
[Site "?"]
[Date "2017.05.04"]
[Round "3"]
[White "Diablo 68000, Novag"]
[Black "Par Excellence, Fidelity"]
[Result "1-0"]
[WhiteElo "2200"]
[BlackElo "1940"]
[Annotator "Komodo 10.3 32-bit (120s)"]
[PlyCount "121"]
[EventDate "2017.??.??"]
[EventType "swiss"]

{C30: Abgelehntes Königsgambit} 1. e4 e5 2. f4 Qh4+ 3. g3 Qe7 4. fxe5 d6 5. Nc3
dxe5 6. d3 c6 (6... Nf6 7. Nf3 Nc6 8. Bg5 Be6 9. Qe2 O-O-O 10. O-O-O Bg4 11.
Bg2 Nd4 12. Qf1 Qb4 13. Bh3 Nxf3 14. Bxg4+ Nxg4 15. Qxf3 Nf6 16. Qf5+ Kb8 17.
Qxe5 Bc5 18. Bd2 Ng4 19. Qf4 Nf2 20. Nd5 Qa4 21. Qxc7+ {Okulov,A (2269)
-Elistratov,I (2196) Uljanovsk 2008 1-0 (41)}) 7. Qf3 $146 (7. Nf3 Nf6 (7...
Bg4 8. Bg2 Nf6 9. Be3 Qc7 10. a3 h6 11. Qd2 Nbd7 12. Qf2 Be6 13. h3 Be7 14. Nh4
g6 15. O-O Nh5 16. Nf3 O-O-O 17. b4 f5 18. b5 f4 19. gxf4 Nxf4 20. Bxf4 exf4
21. bxc6 Qxc6 22. Ne2 {Pihajlic,A (2125)-Nestorovic,I (2050) Belgrade 1993 1-0
(40)}) 8. Bg2 Qc7 9. Qe2 Bc5 10. Bg5 Nbd7 11. Nh4 h6 12. Bd2 Nb6 13. Rf1 Bg4
14. Nf3 O-O-O 15. h3 Be6 16. Nh4 Nbd7 17. Nf5 Bf8 18. O-O-O g6 19. Ne3 Be7 20.
g4 Ne8 21. Ned5 Qd6 {Van Oosten,A (2186)-Rosino,A (2234) Rogaska Slatina 2012
1-0 (41)}) (7. Bh3 Bxh3 8. Nxh3 h6 9. Be3 Qe6 10. Nf2 Nf6 11. d4 exd4 12. Bxd4
Nbd7 13. Qe2 Bc5 14. Bxc5 Nxc5 15. O-O-O O-O 16. e5 Nd5 17. Nxd5 cxd5 18. Qh5
Rfe8 19. Ng4 Ne4 20. Rhf1 Red8 21. Rd4 Rd7 {Schumacher,H-Drewitz,F Merano 1996
0-1 (32)}) 7... Nf6 8. h3 Be6 {erster berechneter Zug Schwarz} 9. Bg5 {erster
berecheter Zug Weiss} (9. a3 b5 $11) 9... Na6 {sieht etwas seltsam aus. Besser
Sbd7} (9... b5 10. Nge2 $11) 10. O-O-O O-O-O (10... Rd8 11. g4 $11) 11. Bg2 (
11. Nge2 h6 12. Be3 Qb4 $11) 11... h6 $11 12. Be3 {Hier war Lxf6 deutlich
stärker..} Qc7 13. Nge2 Bc5 14. d4 exd4 15. Nxd4 Bc4 (15... Nd7 $5 $11) 16.
Nf5 $1 {Sehr gut gespielt.} (16. Bf1 $5 Bxf1 17. Rhxf1 Bb4 $18) 16... Bxe3+ 17.
Qxe3 g6 {Es ist schwerlich besseres zu finden.} 18. Rxd8+ Rxd8 19. e5 {Da will
er zuviel. Deutlich besser ist Sxh6.} (19. Nxh6 $5 Nd7 20. Bf1 $14) 19... Re8
$11 20. Qf4 gxf5 21. Qxc4 Rxe5 22. Qh4 Ng8 {Es ist schon seltsam. Einige Züge
des Diablo erscheinen genial, dann wieder werden einfache Folgen nicht gesehen.
Stand er vor einigen Zügen noch überlegen, so ist das Spiel nun ausgeglichen.}
(22... Re6 23. Rd1 $11) 23. Qd4 $11 Kb8 24. Rf1 (24. Rd1 Ne7 $11) 24... Nc5 $15
25. Qd2 {Der Diablo tut sich mit seinem nominell weit schwächeren Gegner
erstaunlich schwer.} Ne6 26. a3 Ng5 (26... Qd8 27. Ne2 $11) 27. Rf4 (27. h4 Ne6
$11) 27... Nf6 (27... Qe7 28. Rf1 $11) 28. Rh4 $11 Re8 (28... Ng8 29. Rd4 Kc8
30. h4 $11) 29. Rxh6 Nge4 30. Bxe4 Nxe4 31. Nxe4 fxe4 32. Qe3 Qe5 33. h4 {
g4 war vermutlich stärker.} (33. Rh7 Re7 $11) 33... Rg8 34. Qf4 Qxf4+ 35. gxf4
Rg4 36. Rf6 Rxh4 {Das Spiel ist jetzt deutlich im Remisbereich gelandet..} 37.
Rxf7 {Weiß hat einen neuen Freibauern: f4} Rh1+ $2 {37. ...e3 hätte das Remis
gesichert} (37... e3 38. Kd1 Rh2 39. Re7 $11) 38. Kd2 $14 Rh2+ $2 (38... Kc8
39. b3 $14) 39. Kc3 $4 {Ke3 wäre für Schwarz nochmal gefährlich geworden.
39. ...Txc3 40. f5.} (39. Ke3 $142 {nun kommt Weiß in Vorteil} Rh1 40. Kxe4
Re1+ 41. Kd4 Rd1+ 42. Ke3 Re1+ 43. Kd2 $18) 39... Rf2 40. f5 (40. b4 b6 $14)
40... Kc8 {besser ist vermutlich c5} (40... c5 41. b4 b6 42. bxc5 bxc5 43. f6
$11) 41. f6 {b4 sieht für mich besser aus. Der f-Bauer läuft nicht weg.} (41.
b4 $142 e3 42. Kd3 $14) 41... a6 $2 {c5 hätte noch Widerstand geleistet. Nun
jedoch kommt Weiss in die Gewinnzone} (41... c5 $142 $5 $11 {damit wäre
Schwarz im Spiel geblieben}) 42. Kd4 $16 Rxc2 $4 {Schwarz verkürzt seine Leiden
} (42... Kd8 $142 $5 43. Kxe4 b5 44. Rf8+ Kd7 $18) 43. Re7 $18 Kd8 (43... c5+
44. Kxe4 Kd8 45. Rxb7 $18) 44. Rxb7 Rf2 (44... c5+ 45. Kxe4 Ke8 $18) 45. f7 a5
{Die Partie ist für schwarz endgültig verloren. Das kann nicht mal der viel
zu zaghaft agierende Diablo noch verdaddeln...} 46. Kxe4 Rf1 47. Ke5 Rf2 48.
Ke6 Re2+ 49. Kd6 Rd2+ 50. Kxc6 Rc2+ 51. Kb6 Rxb2+ 52. Kxa5 Rf2 53. Kb6 $2 {
Was soll das denn? f8D gewinnt sofort.} Rf6+ 54. Kc5 {Was hat der Diablo nur
geschluckt... Ich will auch was davon...} Rf5+ 55. Kd6 Rf6+ 56. Ke5 Rf1 57. a4
{Ich sag nix mehr...} Re1+ 58. Kf4 Rf1+ 59. Ke3 Rf6 60. f8=Q+ $1 {Na endlich...
. ist die schöne Entscheidung.} Rxf8 61. Rb8+ (61. Rb8+ Ke7 62. Rxf8 Kxf8 63.
a5 Ke7 64. a6 Kd6 65. a7 Kc5 66. a8=Q Kd6 67. Qd8+ Kc5 68. Kd3 Kb5 69. Qd6 Ka4
70. Qb6 Ka3 71. Kc3 Ka2 72. Qb2#) 1-0

[Event "CB-Emu swiss"]
[Site "?"]
[Date "2017.05.04"]
[Round "3"]
[White "Nigel Short, Mephisto"]
[Black "Complete Chess System, DOS."]
[Result "1/2-1/2"]
[WhiteElo "2130"]
[BlackElo "2200"]
[Annotator "Komodo 10.3 32-bit (120s)"]
[PlyCount "76"]
[EventDate "2017.??.??"]
[EventType "swiss"]

{A29: Englische Eröffnung (Vierspringer-Variante)} 1. c4 e5 2. Nc3 Nf6 3. Nf3
Nc6 4. g3 Bb4 5. Bg2 O-O 6. O-O e4 7. Ng5 Bxc3 8. bxc3 Re8 9. d3 exd3 {erster
berechneter Zug Schwarz} 10. exd3 Ne5 (10... b6 11. Bd5 Nxd5 12. cxd5 h6 13.
Nxf7 Kxf7 14. Qh5+ Kg8 15. dxc6 dxc6 16. Bxh6 Be6 17. Qg6 Qd7 18. Bf4 Bd5 19.
Rae1 Bf7 20. Qg5 Bxa2 21. Be5 Rf8 22. c4 Rf7 23. Re2 Bb3 24. Rfe1 Raf8 25. Bb2
{Christiansen,L (2575)-Kaidanov,G (2645) Key-West 1994 1-0 (55)}) 11. f4 {
erster berechneter Zug Weiss.} (11. Nf3 Ng6 12. a4 a5 13. c5 d6 14. cxd6 Qxd6
15. Ba3 Qa6 16. Ng5 h6 17. Ne4 Nxe4 18. Bxe4 Bh3 19. Re1 Rad8 20. Qh5 Qe6 21.
Re3 Qd7 22. d4 Bg4 23. Qb5 c6 24. Qc4 Nf4 25. gxf4 Rxe4 {Huettemann,K (2249)
-Schuetze,A (2061) Germany 2009 1-0 (32)}) 11... Nc6 $146 (11... Neg4 12. Re1
Rxe1+ 13. Qxe1 Qe8 14. Bd2 Qxe1+ 15. Rxe1 Kf8 16. h3 Nh6 17. g4 Rb8 18. Nf3 Ne8
19. c5 b6 20. c6 Ng8 21. Ne5 d6 22. Nf3 h5 23. f5 Nh6 24. Bxh6 gxh6 25. Nd4
hxg4 26. hxg4 {Panno,O (2465)-Spangenberg,H (2520) La Plata 1998 1/2-1/2 (45)})
(11... Ng6 12. Rb1 $14) 12. Rb1 (12. Bd5 Rf8 $14) 12... Qe7 (12... h6 13. Ne4
$11) 13. Ne4 b6 14. Re1 (14. Nf2 Bb7 $14) 14... Bb7 $11 15. Be3 (15. Rb2 Na5
$11) 15... Nxe4 16. Bxe4 Qa3 17. Qc2 (17. Qb3 Qa6 $11) 17... Na5 18. Bxb7 Nxb7
{Die beiden spielen auf einem guten Niveau. Bisher gibt es keine Züge die man
wirklich bemängeln könnte.} 19. Bd4 Nc5 20. f5 f6 21. h3 Qa4 22. Rxe8+ {
Langfristig wäre es eventuell vorteilhafter gewesen, die Spannung mit Dd2
aufrecht zu erhalten. Nach dem Turmtausch dürften die positionellen Vorteile
eher bei Schwarz liegen.} Rxe8 23. Qxa4 Nxa4 {Es ist schwer zu sagen, wer hier
nun besser steht. Ich würde hier jedoch Schwarz knapp vorne sehen.} 24. Rb4 Nc5
25. Bxc5 bxc5 26. Rb5 {Besser wäre sofort Tb7.} Re3 27. Kf2 Rxd3 28. Rxc5 c6
29. Ra5 Rxc3 30. Rxa7 Rxc4 31. Rxd7 Rc2+ 32. Ke3 Rxa2 {Schwarz hat zwar einen
Mehr-/Freibauern, kann aber wenig damit anfangen. Der weisse Turm kann den
König durch Dauerschachgebote beschäftigen. Dieser darf sich jedoch nicht
annähern, da sonst die Bauern am Königsflügel fallen..} 33. Rc7 Ra3+ 34. Kf4 h5
35. Rxc6 Ra4+ 36. Kf3 h4 {ein letzter Versuch doch noch Vorteil zu erlangen.}
37. gxh4 Rxh4 38. Kg3 Rd4 {Da ist nichts mehr zu wollen. Beide Rechner zeigen
Denktiefen >= 10 an und bewegen sich in der Bewertung immer um 0.00. Es gibt
keine realistische Chance noch irgendwie für eine Seite Vorteil zu erlangen.
Daher Remis gegeben. Eine großartige Leistung des Nigel Short gegen das auf
3400 MHz getaktete DOS-Programm} 1/2-1/2